Statistics for NBA: Top 50 Active Players: Blocks

Click here to take the quiz!

General Stats

  • This quiz has been taken 111 times
    (12 since last reset)
  • The average score is 24 of 50

Answer Stats

#PlayerBlocks% Correct
10LeBron James1,111
100%
1Brook Lopez1,912
90%
12Robin Lopez1,045
90%
3Rudy Gobert1,614
90%
2Anthony Davis1,705
80%
29Danny Green634
80%
18Draymond Green818
80%
13Giannis Antetokounmpo986
80%
25Jaren Jackson Jr.664
80%
35Jeff Green587
80%
20Karl-Anthony Towns721
80%
7Al Horford1,249
70%
47Bam Adebayo436
70%
21Joel Embiid720
70%
39Nikola Jokić491
70%
49Aaron Gordon431
60%
9Andre Drummond1,130
60%
15Clint Capela898
60%
4DeAndre Jordan1,541
60%
31Jusuf Nurkić613
60%
8Kevin Durant1,196
60%
16Kristaps Porziņģis846
60%
5Myles Turner1,268
60%
19Nikola Vučević792
60%
45Kawhi Leonard454
50%
24Steven Adams675
50%
33James Harden600
40%
30Jarrett Allen630
40%
6JaVale McGee1,258
40%
48Nic Claxton434
40%
37Tristan Thompson515
40%
43Andrew Wiggins468
30%
17Jonas Valančiūnas822
30%
38Jrue Holiday508
30%
26Nicolas Batum661
30%
34Alex Len594
20%
T41Daniel Gafford482
20%
40Ivica Zubac485
20%
28James Johnson653
20%
46John Collins438
20%
27Mason Plumlee656
20%
32Mitchell Robinson602
20%
44Thaddeus Young458
20%
T41Tobias Harris482
20%
11Bismack Biyombo1,077
10%
23Jakob Poeltl686
10%
22Jerami Grant702
10%
14Taj Gibson946
10%
50Mo Bamba429
0%
36Robert Covington578
0%

Score Distribution

Percentile by Number Answered

Percent of People with Each Score

Your Score History

You have not taken this quiz since the last reset